[Event "45th FIDE Chess Olympiad Open"]
[Site "Budapest, Hungary"]
[Date "2024.09.20"]
[Round "9"]
[White "Mahamat Hachim Bachar"]
[Black "Gurner, Jem"]
[Result "0-1"]
[Board "273"]
[WhiteFideId "42800030"]
[BlackFideId "67600280"]
[BlackTitle "CM"]
[WhiteElo "1872"]
[BlackElo "2091"]
[WhiteTeam "Chad"]
[BlackTeam "Jersey"]
[WhiteClock "1:08:21"]
[BlackClock "0:12:00"]
[Variant "Standard"]

1. e4 {[%clk 1:29:39]}  c5 {[%clk 1:30:55]} 2. Nc3 {[%clk 1:30:01]}  d6 {[%clk 1:31:16]} 3. g3 {[%clk 1:30:20]}  Nc6 {[%clk 1:30:52]} 4. Nge2 {[%clk 1:30:37]}  h5 {[%clk 1:27:38]} 5. h4 {[%clk 1:30:53]}  g6 {[%clk 1:26:58]} 6. d4 {[%clk 1:31:02]}  cxd4 {[%clk 1:27:00]} 7. Nxd4 {[%clk 1:31:06]}  Bg7 {[%clk 1:26:46]} 8. Be3 {[%clk 1:31:12]}  Nf6 {[%clk 1:25:20]} 9. Be2 {[%clk 1:31:02]}  Ng4 {[%clk 1:19:58]} 10. Bxg4 {[%clk 1:30:46]}  Bxg4 {[%clk 1:19:58]} 11. f3 {[%clk 1:30:53]}  Bxd4 {[%clk 1:14:32]} 12. Bxd4 {[%clk 1:30:29]}  Bxf3 {[%clk 1:14:49]} 13. Qxf3 {[%clk 1:29:16]}  Nxd4 {[%clk 1:11:28]} 14. Qd3 {[%clk 1:29:29]}  Nc6 {[%clk 1:09:47]} 15. O-O-O {[%clk 1:29:50]}  Qa5 {[%clk 1:06:25]} 16. Kb1 {[%clk 1:29:47]}  Rc8 {[%clk 1:00:53]} 17. a3 {[%clk 1:29:36]}  Ne5 {[%clk 0:57:53]} 18. Qd5 {[%clk 1:27:53]}  Qxd5 {[%clk 0:56:31]} 19. Nxd5 {[%clk 1:28:06]}  e6 {[%clk 0:55:24]} 20. Nf4 {[%clk 1:27:55]}  Ke7 {[%clk 0:54:53]} 21. Rd4 {[%clk 1:27:34]}  Rc4 {[%clk 0:48:51]} 22. Rhd1 {[%clk 1:27:41]}  Rhc8 {[%clk 0:45:30]} 23. c3 {[%clk 1:26:16]}  R8c6 {[%clk 0:44:57]} 24. Kc2 {[%clk 1:24:52]}  Ng4 {[%clk 0:35:30]} 25. Kb3 {[%clk 1:21:25]}  b5 {[%clk 0:34:09]} 26. R1d2 {[%clk 1:18:47]}  Nf6 {[%clk 0:32:30]} 27. Re2 {[%clk 1:17:25]}  Nd7 {[%clk 0:31:06]} 28. Nd5+ {[%clk 1:15:49]}  Kf8 {[%clk 0:29:31]} 29. Nb4 {[%clk 1:15:59]}  Rxd4 {[%clk 0:26:11]} 30. Nxc6 {[%clk 1:13:43]}  Ra4 {[%clk 0:22:26]} 31. e5 {[%clk 1:12:08]}  dxe5 {[%clk 0:12:48]} 32. Nxe5 {[%clk 1:12:10]}  Nc5+ {[%clk 0:12:43]} 33. Ka2 {[%clk 1:12:30]}  Re4 {[%clk 0:12:49]} 34. Rxe4 {[%clk 1:10:14]}  Nxe4 {[%clk 0:13:18]} 35. g4 {[%clk 1:09:31]}  g5 {[%clk 0:10:44]} 36. hxg5 {[%clk 1:09:29]}  h4 {[%clk 0:10:42]} 37. Nf3 {[%clk 1:09:37]}  h3 {[%clk 0:10:37]} 38. Nh2 {[%clk 1:08:16]}  Kg7 {[%clk 0:08:40]} 39. Kb3 {[%clk 1:08:25]}  Kg6 {[%clk 0:08:27]} 40. Kb4 {[%clk 1:08:36]}  Kxg5 {[%clk 0:08:26]} 41. a4 {[%clk 1:09:05]}  Kf4 {[%clk 0:08:18]} 42. axb5 {[%clk 1:08:24]}  Kg3 {[%clk 0:08:33]} 43. c4 {[%clk 1:08:17]}  Kxh2 {[%clk 0:08:16]} 44. c5 {[%clk 1:08:13]}  Nxc5 {[%clk 0:07:58]} 45. Kxc5 {[%clk 1:08:12]}  Kg3 {[%clk 0:08:21]} 46. Kc6 {[%clk 1:08:19]}  h2 {[%clk 0:08:47]} 47. Kb7 {[%clk 1:08:31]}  h1=Q+ {[%clk 0:09:09]} 48. Kxa7 {[%clk 1:08:02]}  Qa1+ {[%clk 0:09:31]} 49. Kb7 {[%clk 1:08:28]}  Qxb2 {[%clk 0:09:55]} 50. b6 {[%clk 1:08:39]}  e5 {[%clk 0:10:24]} 51. Kc7 {[%clk 1:08:58]}  e4 {[%clk 0:10:49]} 52. b7 {[%clk 1:09:24]}  e3 {[%clk 0:11:16]} 53. b8=Q {[%clk 1:08:26]}  Qxb8+ {[%clk 0:11:36]} 54. Kxb8 {[%clk 1:08:25]}  e2 {[%clk 0:11:35]} 55. g5 {[%clk 1:08:21]}  e1=Q {[%clk 0:12:00]} 0-1

[Event "45th FIDE Chess Olympiad Open"]
[Site "Budapest, Hungary"]
[Date "2024.09.20"]
[Round "9"]
[White "Belzo, Krzysztof"]
[Black "Abdelaziz Bokhit, Badjoiri"]
[Result "1-0"]
[Board "274"]
[WhiteFideId "1126768"]
[BlackFideId "42800099"]
[WhiteTitle "CM"]
[WhiteElo "2076"]
[BlackElo "1778"]
[WhiteTeam "Jersey"]
[BlackTeam "Chad"]
[WhiteClock "0:43:43"]
[BlackClock "0:21:07"]
[Variant "Standard"]

1. d4 {[%clk 1:30:56]}  d5 {[%clk 1:30:43]} 2. c4 {[%clk 1:31:08]}  c6 {[%clk 1:30:48]} 3. Nf3 {[%clk 1:31:07]}  Bg4 {[%clk 1:30:59]} 4. Nc3 {[%clk 1:30:32]}  Bxf3 {[%clk 1:30:28]} 5. exf3 {[%clk 1:30:53]}  Nf6 {[%clk 1:30:19]} 6. Qb3 {[%clk 1:27:40]}  Qb6 {[%clk 1:29:26]} 7. Qxb6 {[%clk 1:22:22]}  axb6 {[%clk 1:29:37]} 8. cxd5 {[%clk 1:22:50]}  b5 {[%clk 1:25:06]} 9. dxc6 {[%clk 1:21:23]}  bxc6 {[%clk 1:25:17]} 10. Be3 {[%clk 1:13:01]}  e6 {[%clk 1:24:17]} 11. Be2 {[%clk 1:11:51]}  Bb4 {[%clk 1:14:32]} 12. O-O {[%clk 1:11:58]}  O-O {[%clk 1:11:36]} 13. Rfc1 {[%clk 1:10:53]}  Nbd7 {[%clk 1:09:35]} 14. Ne4 {[%clk 1:10:02]}  Rfc8 {[%clk 1:09:29]} 15. Rc2 {[%clk 1:05:39]}  Nb6 {[%clk 1:01:21]} 16. a3 {[%clk 1:02:39]}  Nc4 {[%clk 0:53:50]} 17. Bxc4 {[%clk 1:01:01]}  bxc4 {[%clk 0:54:04]} 18. Nxf6+ {[%clk 0:56:57]}  gxf6 {[%clk 0:53:08]} 19. Rxc4 {[%clk 0:57:19]}  Bf8 {[%clk 0:51:28]} 20. Rac1 {[%clk 0:56:15]}  Ra6 {[%clk 0:45:50]} 21. R1c3 {[%clk 0:54:18]}  Rb6 {[%clk 0:41:54]} 22. b4 {[%clk 0:53:33]}  Ra6 {[%clk 0:40:45]} 23. Bc1 {[%clk 0:53:10]}  Rb6 {[%clk 0:38:17]} 24. g3 {[%clk 0:51:08]}  f5 {[%clk 0:37:20]} 25. Be3 {[%clk 0:44:18]}  Ra6 {[%clk 0:36:40]} 26. Kf1 {[%clk 0:43:11]}  Rca8 {[%clk 0:33:39]} 27. Bc1 {[%clk 0:43:11]}  Rd8 {[%clk 0:25:31]} 28. Rxc6 {[%clk 0:42:22]}  Rxc6 {[%clk 0:25:46]} 29. Rxc6 {[%clk 0:42:48]}  Rxd4 {[%clk 0:22:15]} 30. Rc8 {[%clk 0:43:00]}  Kg7 {[%clk 0:21:27]} 31. Bb2 {[%clk 0:43:21]}  e5 {[%clk 0:21:18]} 32. Bxd4 {[%clk 0:43:44]}  exd4 {[%clk 0:21:07]} 33. Rxf8 {[%clk 0:43:43]} 1-0

[Event "45th FIDE Chess Olympiad Open"]
[Site "Budapest, Hungary"]
[Date "2024.09.20"]
[Round "9"]
[White "Adam, Jamal"]
[Black "Mooney, Graham"]
[Result "1/2-1/2"]
[Board "275"]
[WhiteFideId "12200620"]
[BlackFideId "15600106"]
[WhiteTitle "CM"]
[BlackTitle "CM"]
[WhiteElo "2013"]
[BlackElo "1935"]
[WhiteTeam "Chad"]
[BlackTeam "Jersey"]
[WhiteClock "0:37:41"]
[BlackClock "0:53:06"]
[Variant "Standard"]

1. e4 {[%clk 1:30:57]}  c5 {[%clk 1:30:49]} 2. Nf3 {[%clk 1:30:30]}  d6 {[%clk 1:31:02]} 3. d4 {[%clk 1:30:49]}  cxd4 {[%clk 1:31:08]} 4. Nxd4 {[%clk 1:31:11]}  Nf6 {[%clk 1:31:23]} 5. Nc3 {[%clk 1:31:32]}  a6 {[%clk 1:31:13]} 6. Bg5 {[%clk 1:30:18]}  e6 {[%clk 1:30:01]} 7. Qf3 {[%clk 1:26:14]}  Nbd7 {[%clk 1:29:45]} 8. Be2 {[%clk 1:21:15]}  Be7 {[%clk 1:27:07]} 9. O-O {[%clk 1:21:22]}  h6 {[%clk 1:26:51]} 10. Be3 {[%clk 1:21:27]}  Qc7 {[%clk 1:16:14]} 11. Rad1 {[%clk 1:16:43]}  b5 {[%clk 1:11:21]} 12. a3 {[%clk 1:03:11]}  Bb7 {[%clk 1:10:47]} 13. Bd3 {[%clk 1:02:51]}  Rc8 {[%clk 1:07:50]} 14. Qg3 {[%clk 0:59:30]}  g5 {[%clk 1:05:26]} 15. Rfe1 {[%clk 0:54:04]}  Ne5 {[%clk 0:56:43]} 16. Bxb5+ {[%clk 0:45:53]}  axb5 {[%clk 0:55:37]} 17. Ndxb5 {[%clk 0:46:14]}  Qb8 {[%clk 0:54:36]} 18. Ba7 {[%clk 0:44:56]}  Qa8 {[%clk 0:53:19]} 19. Bb6 {[%clk 0:43:45]}  Qb8 {[%clk 0:53:12]} 20. Ba7 {[%clk 0:40:38]}  Qa8 {[%clk 0:53:34]} 21. Bb6 {[%clk 0:39:32]}  Qb8 {[%clk 0:53:06]} 22. Ba7 {[%clk 0:37:41]} 1/2-1/2

[Event "45th FIDE Chess Olympiad Open"]
[Site "Budapest, Hungary"]
[Date "2024.09.20"]
[Round "9"]
[White "Forbes, Garry"]
[Black "Hassaballa Ahmed Hassaballa"]
[Result "0-1"]
[Board "276"]
[WhiteFideId "10700331"]
[BlackFideId "12204293"]
[WhiteTitle "CM"]
[WhiteElo "1858"]
[BlackElo "1902"]
[WhiteTeam "Jersey"]
[BlackTeam "Chad"]
[WhiteClock "0:11:37"]
[BlackClock "0:39:58"]
[Variant "Standard"]

1. c4 {[%clk 1:30:58]}  Nf6 {[%clk 1:30:48]} 2. g3 {[%clk 1:31:22]}  e5 {[%clk 1:30:57]} 3. Bg2 {[%clk 1:31:48]}  Nc6 {[%clk 1:31:07]} 4. Nc3 {[%clk 1:31:23]}  Bb4 {[%clk 1:31:10]} 5. Nd5 {[%clk 1:30:52]}  O-O {[%clk 1:31:25]} 6. a3 {[%clk 1:30:34]}  Bc5 {[%clk 1:29:41]} 7. e3 {[%clk 1:27:09]}  a5 {[%clk 1:29:23]} 8. Ne2 {[%clk 1:27:24]}  Nxd5 {[%clk 1:23:37]} 9. cxd5 {[%clk 1:25:14]}  Ne7 {[%clk 1:20:33]} 10. O-O {[%clk 1:21:42]}  d6 {[%clk 1:19:21]} 11. b3 {[%clk 1:03:58]}  f5 {[%clk 1:16:25]} 12. d4 {[%clk 1:03:08]}  Bb6 {[%clk 1:14:29]} 13. dxe5 {[%clk 0:50:56]}  dxe5 {[%clk 1:13:13]} 14. Bb2 {[%clk 0:51:25]}  Qd6 {[%clk 1:06:56]} 15. Qd2 {[%clk 0:49:07]}  Bd7 {[%clk 0:59:08]} 16. Qc3 {[%clk 0:47:18]}  Ng6 {[%clk 0:58:40]} 17. Rac1 {[%clk 0:38:14]}  Rf7 {[%clk 0:54:43]} 18. f4 {[%clk 0:27:01]}  Re8 {[%clk 0:53:57]} 19. Rce1 {[%clk 0:17:02]}  Bb5 {[%clk 0:52:39]} 20. Kh1 {[%clk 0:11:43]}  exf4 {[%clk 0:44:59]} 21. exf4 {[%clk 0:11:37]}  Bxe2 {[%clk 0:39:58]} 0-1

[Event "45th FIDE Chess Olympiad Open"]
[Site "Budapest, Hungary"]
[Date "2024.09.20"]
[Round "9"]
[White "Gabriel, Davidson"]
[Black "Muhammed, Shuaau"]
[Result "1/2-1/2"]
[Board "277"]
[WhiteFideId "11901284"]
[BlackFideId "16700406"]
[BlackTitle "FM"]
[WhiteElo "2043"]
[BlackElo "2052"]
[WhiteTeam "Haiti"]
[BlackTeam "Maldives"]
[WhiteClock "0:20:51"]
[BlackClock "0:36:57"]
[Variant "Standard"]

1. e4 {[%clk 1:30:04]}  e5 {[%clk 1:30:51]} 2. Nf3 {[%clk 1:30:26]}  Nc6 {[%clk 1:31:19]} 3. Bc4 {[%clk 1:30:46]}  Nf6 {[%clk 1:31:42]} 4. d3 {[%clk 1:29:51]}  Be7 {[%clk 1:32:02]} 5. O-O {[%clk 1:29:58]}  O-O {[%clk 1:32:15]} 6. Nc3 {[%clk 1:29:32]}  d6 {[%clk 1:32:34]} 7. h3 {[%clk 1:23:35]}  Na5 {[%clk 1:32:11]} 8. Bb5 {[%clk 1:23:56]}  a6 {[%clk 1:30:51]} 9. Ba4 {[%clk 1:24:25]}  b5 {[%clk 1:31:07]} 10. Bb3 {[%clk 1:24:35]}  Nxb3 {[%clk 1:30:52]} 11. axb3 {[%clk 1:24:56]}  Bb7 {[%clk 1:31:14]} 12. Qe2 {[%clk 1:17:47]}  c5 {[%clk 1:26:23]} 13. Bd2 {[%clk 1:09:01]}  Nd7 {[%clk 1:22:23]} 14. Nh2 {[%clk 1:04:32]}  b4 {[%clk 1:17:47]} 15. Nd1 {[%clk 0:59:48]}  f5 {[%clk 1:15:25]} 16. exf5 {[%clk 0:54:11]}  Rxf5 {[%clk 1:14:50]} 17. Qg4 {[%clk 0:51:53]}  Rf6 {[%clk 1:12:28]} 18. Qh5 {[%clk 0:46:43]}  Rg6 {[%clk 1:10:56]} 19. Ng4 {[%clk 0:46:44]}  Nf6 {[%clk 1:08:10]} 20. Nxf6+ {[%clk 0:44:43]}  gxf6 {[%clk 1:03:29]} 21. f3 {[%clk 0:44:35]}  Qe8 {[%clk 1:02:19]} 22. Kh1 {[%clk 0:41:51]}  Qf7 {[%clk 1:01:41]} 23. Ne3 {[%clk 0:41:48]}  Kh8 {[%clk 0:56:41]} 24. Nf5 {[%clk 0:41:08]}  Qe6 {[%clk 0:56:01]} 25. Nh4 {[%clk 0:33:11]}  Rgg8 {[%clk 0:54:04]} 26. Nf5 {[%clk 0:30:39]}  Raf8 {[%clk 0:47:32]} 27. g4 {[%clk 0:28:47]}  d5 {[%clk 0:43:57]} 28. Rae1 {[%clk 0:26:58]}  Bd8 {[%clk 0:39:47]} 29. Kh2 {[%clk 0:21:23]}  Bc7 {[%clk 0:38:24]} 30. f4 {[%clk 0:19:52]}  Qd7 {[%clk 0:28:16]} 31. fxe5 {[%clk 0:17:50]}  fxe5 {[%clk 0:23:12]} 32. Nh6 {[%clk 0:16:54]}  e4+ {[%clk 0:21:43]} 33. Kg2 {[%clk 0:14:33]}  Qd6 {[%clk 0:12:45]} 34. Nxg8 {[%clk 0:14:33]}  Rxg8 {[%clk 0:12:45]} 35. Rf7 {[%clk 0:14:59]}  Qh2+ {[%clk 0:10:47]} 36. Kf1 {[%clk 0:15:21]}  Rg7 {[%clk 0:11:15]} 37. Rf8+ {[%clk 0:13:46]}  Rg8 {[%clk 0:11:44]} 38. Rxg8+ {[%clk 0:10:59]}  Kxg8 {[%clk 0:12:13]} 39. Qe8+ {[%clk 0:11:01]}  Kg7 {[%clk 0:12:35]} 40. Qe7+ {[%clk 0:10:53]}  Kg8 {[%clk 0:11:56]} 41. Qe6+ {[%clk 0:10:53]}  Kh8 {[%clk 0:12:00]} 42. Bh6 {[%clk 0:10:24]}  Qxh3+ {[%clk 0:06:19]} 43. Ke2 {[%clk 0:09:04]}  Qf3+ {[%clk 0:05:58]} 44. Kd2 {[%clk 0:09:21]}  Bf4+ {[%clk 0:06:26]} 45. Bxf4 {[%clk 0:09:32]}  Qxf4+ {[%clk 0:06:55]} 46. Kd1 {[%clk 0:09:42]}  Kg7 {[%clk 0:04:42]} 47. Qe7+ {[%clk 0:08:19]}  Qf7 {[%clk 0:05:10]} 48. Qxf7+ {[%clk 0:08:31]}  Kxf7 {[%clk 0:05:38]} 49. dxe4 {[%clk 0:08:47]}  dxe4 {[%clk 0:06:06]} 50. Rf1+ {[%clk 0:09:00]}  Kg6 {[%clk 0:04:54]} 51. Kd2 {[%clk 0:08:45]}  Bc8 {[%clk 0:04:30]} 52. Rf4 {[%clk 0:08:58]}  Kg5 {[%clk 0:04:59]} 53. Rxe4 {[%clk 0:09:17]}  Bxg4 {[%clk 0:05:27]} 54. Re5+ {[%clk 0:09:31]}  Kf4 {[%clk 0:05:37]} 55. Rxc5 {[%clk 0:09:36]}  h5 {[%clk 0:06:06]} 56. Ke1 {[%clk 0:08:20]}  Kg3 {[%clk 0:06:33]} 57. Rg5 {[%clk 0:00:37]}  h4 {[%clk 0:05:38]} 58. Kf1 {[%clk 0:00:57]}  h3 {[%clk 0:05:42]} 59. Kg1 {[%clk 0:01:14]}  h2+ {[%clk 0:05:39]} 60. Kh1 {[%clk 0:01:26]}  Kh3 {[%clk 0:05:42]} 61. Rxg4 {[%clk 0:00:53]}  Kxg4 {[%clk 0:06:09]} 62. Kxh2 {[%clk 0:01:05]}  Kf3 {[%clk 0:06:15]} 63. c4 {[%clk 0:20:51]}  bxc3 {[%clk 0:36:40]} 64. bxc3 {[%clk 0:20:49]}  Ke3 {[%clk 0:37:08]} 65. Kg2 {[%clk 0:20:51]}  a5 {[%clk 0:36:57]} 1/2-1/2

[Event "45th FIDE Chess Olympiad Open"]
[Site "Budapest, Hungary"]
[Date "2024.09.20"]
[Round "9"]
[White "Mohamed, Hassan"]
[Black "Victor, Wyclef"]
[Result "1-0"]
[Board "278"]
[WhiteFideId "16700058"]
[BlackFideId "11901268"]
[WhiteTitle "CM"]
[WhiteElo "1880"]
[BlackElo "1924"]
[WhiteTeam "Maldives"]
[BlackTeam "Haiti"]
[WhiteClock "0:10:01"]
[BlackClock "0:05:24"]
[Variant "Standard"]

1. e4 {[%clk 1:30:55]}  e5 {[%clk 1:30:42]} 2. Nf3 {[%clk 1:31:18]}  Nc6 {[%clk 1:31:10]} 3. Bc4 {[%clk 1:31:29]}  Be7 {[%clk 1:30:08]} 4. d3 {[%clk 1:31:49]}  Nf6 {[%clk 1:30:33]} 5. Bb3 {[%clk 1:31:58]}  d6 {[%clk 1:30:43]} 6. c3 {[%clk 1:32:17]}  Bg4 {[%clk 1:30:49]} 7. h3 {[%clk 1:32:41]}  Bh5 {[%clk 1:31:07]} 8. Nbd2 {[%clk 1:32:24]}  Bg6 {[%clk 1:28:25]} 9. Nc4 {[%clk 1:30:33]}  O-O {[%clk 1:26:51]} 10. O-O {[%clk 1:29:24]}  b5 {[%clk 1:19:12]} 11. Ne3 {[%clk 1:29:21]}  Na5 {[%clk 1:16:41]} 12. Bc2 {[%clk 1:29:15]}  c6 {[%clk 1:16:37]} 13. Re1 {[%clk 1:25:19]}  Re8 {[%clk 1:10:39]} 14. Nh4 {[%clk 1:20:01]}  Bh5 {[%clk 1:07:24]} 15. g4 {[%clk 1:20:13]}  Bg6 {[%clk 1:07:36]} 16. Qf3 {[%clk 1:13:32]}  Kh8 {[%clk 1:03:30]} 17. Nhf5 {[%clk 1:13:44]}  Bf8 {[%clk 0:57:07]} 18. b4 {[%clk 1:07:31]}  Nb7 {[%clk 0:57:36]} 19. Bb2 {[%clk 1:03:32]}  a5 {[%clk 0:47:03]} 20. a3 {[%clk 1:03:16]}  Qd7 {[%clk 0:36:19]} 21. Bb3 {[%clk 1:00:26]}  Nd8 {[%clk 0:33:08]} 22. h4 {[%clk 0:52:37]}  Ne6 {[%clk 0:29:07]} 23. Ng3 {[%clk 0:46:43]}  h6 {[%clk 0:27:38]} 24. Nef5 {[%clk 0:39:09]}  Nf4 {[%clk 0:24:11]} 25. Bc1 {[%clk 0:32:25]}  axb4 {[%clk 0:15:29]} 26. cxb4 {[%clk 0:32:17]}  Ne6 {[%clk 0:15:19]} 27. Be3 {[%clk 0:29:56]}  d5 {[%clk 0:12:06]} 28. g5 {[%clk 0:26:39]}  dxe4 {[%clk 0:12:33]} 29. dxe4 {[%clk 0:26:46]}  Ng8 {[%clk 0:12:59]} 30. Red1 {[%clk 0:25:45]}  Qc7 {[%clk 0:13:16]} 31. gxh6 {[%clk 0:24:23]}  gxh6 {[%clk 0:10:51]} 32. h5 {[%clk 0:14:13]}  Bh7 {[%clk 0:10:10]} 33. Qg4 {[%clk 0:09:32]}  Nf6 {[%clk 0:09:02]} 34. Qh4 {[%clk 0:08:41]}  Ng8 {[%clk 0:09:30]} 35. Bxh6 {[%clk 0:03:44]}  Bxh6 {[%clk 0:03:25]} 36. Nxh6 {[%clk 0:03:58]}  Nxh6 {[%clk 0:03:53]} 37. Qf6+ {[%clk 0:04:15]}  Ng7 {[%clk 0:04:13]} 38. Qxh6 {[%clk 0:04:33]}  Rad8 {[%clk 0:04:10]} 39. Qf6 {[%clk 0:04:29]}  Qe7 {[%clk 0:02:52]} 40. Qxe7 {[%clk 0:04:55]}  Rxd1+ {[%clk 0:03:04]} 41. Rxd1 {[%clk 0:05:15]}  Rxe7 {[%clk 0:03:31]} 42. Rd6 {[%clk 0:05:18]}  Ne6 {[%clk 0:30:24]} 43. Rxc6 {[%clk 0:32:36]}  Nd4 {[%clk 0:30:52]} 44. Rc8+ {[%clk 0:32:39]}  Kg7 {[%clk 0:31:19]} 45. Bd5 {[%clk 0:32:11]}  Ra7 {[%clk 0:30:46]} 46. Rc3 {[%clk 0:30:18]}  Kh6 {[%clk 0:30:35]} 47. Kg2 {[%clk 0:30:30]}  Kg5 {[%clk 0:30:57]} 48. Kf1 {[%clk 0:27:08]}  f5 {[%clk 0:21:28]} 49. exf5 {[%clk 0:26:49]}  Bxf5 {[%clk 0:21:56]} 50. Nxf5 {[%clk 0:26:05]}  Kxf5 {[%clk 0:19:49]} 51. Bf3 {[%clk 0:23:20]}  Kf4 {[%clk 0:10:29]} 52. Be2 {[%clk 0:23:05]}  Ra6 {[%clk 0:10:12]} 53. Rh3 {[%clk 0:22:04]}  Rh6 {[%clk 0:10:39]} 54. Rh4+ {[%clk 0:21:18]}  Kf5 {[%clk 0:10:55]} 55. Bd3+ {[%clk 0:18:39]}  Kg5 {[%clk 0:11:20]} 56. Re4 {[%clk 0:18:47]}  Kf6 {[%clk 0:11:31]} 57. f4 {[%clk 0:18:15]}  Nf5 {[%clk 0:07:56]} 58. Rxe5 {[%clk 0:16:53]}  Ng3+ {[%clk 0:08:24]} 59. Kf2 {[%clk 0:16:18]}  Nxh5 {[%clk 0:08:52]} 60. Rxb5 {[%clk 0:16:17]}  Ke7 {[%clk 0:07:55]} 61. Kf3 {[%clk 0:15:53]}  Nf6 {[%clk 0:08:12]} 62. Bf5 {[%clk 0:14:23]}  Rh1 {[%clk 0:07:05]} 63. a4 {[%clk 0:14:19]}  Nh5 {[%clk 0:05:25]} 64. Bd3 {[%clk 0:11:18]}  Rd1 {[%clk 0:05:24]} 65. Rxh5 {[%clk 0:10:01]} 1-0

[Event "45th FIDE Chess Olympiad Open"]
[Site "Budapest, Hungary"]
[Date "2024.09.20"]
[Round "9"]
[White "Volcimus, Ritchy David"]
[Black "Hussain , Nimal"]
[Result "1-0"]
[Board "279"]
[WhiteFideId "11902086"]
[BlackFideId "16700309"]
[WhiteElo "1948"]
[BlackElo "1805"]
[WhiteTeam "Haiti"]
[BlackTeam "Maldives"]
[WhiteClock "0:27:46"]
[BlackClock "0:03:02"]
[Variant "Standard"]

1. e4 {[%clk 1:30:58]}  e5 {[%clk 1:30:39]} 2. Nf3 {[%clk 1:31:22]}  Nf6 {[%clk 1:31:03]} 3. Nc3 {[%clk 1:29:49]}  Bb4 {[%clk 1:31:19]} 4. d3 {[%clk 1:29:16]}  Nc6 {[%clk 1:31:02]} 5. a3 {[%clk 1:28:16]}  Bc5 {[%clk 1:30:58]} 6. Bg5 {[%clk 1:26:08]}  h6 {[%clk 1:30:37]} 7. Bh4 {[%clk 1:26:28]}  Be7 {[%clk 1:29:03]} 8. Be2 {[%clk 1:25:39]}  d6 {[%clk 1:28:24]} 9. h3 {[%clk 1:23:36]}  Be6 {[%clk 1:28:01]} 10. d4 {[%clk 1:19:42]}  exd4 {[%clk 1:23:37]} 11. Nxd4 {[%clk 1:20:09]}  Nxd4 {[%clk 1:14:25]} 12. Qxd4 {[%clk 1:20:28]}  O-O {[%clk 0:56:12]} 13. f4 {[%clk 1:19:37]}  Nh7 {[%clk 0:52:28]} 14. Bxe7 {[%clk 1:18:14]}  Qxe7 {[%clk 0:52:51]} 15. O-O-O {[%clk 1:18:14]}  f6 {[%clk 0:47:59]} 16. g4 {[%clk 1:16:41]}  Rfe8 {[%clk 0:47:07]} 17. h4 {[%clk 1:16:25]}  g5 {[%clk 0:29:39]} 18. hxg5 {[%clk 1:13:53]}  hxg5 {[%clk 0:29:52]} 19. f5 {[%clk 1:06:47]}  Bf7 {[%clk 0:29:12]} 20. Rh6 {[%clk 1:05:22]}  Kg7 {[%clk 0:24:36]} 21. Rdh1 {[%clk 1:05:37]}  Rh8 {[%clk 0:24:31]} 22. Qf2 {[%clk 1:03:35]}  Qe5 {[%clk 0:23:56]} 23. Qg2 {[%clk 1:03:36]}  Rae8 {[%clk 0:20:55]} 24. Qh3 {[%clk 1:01:23]}  Bg8 {[%clk 0:17:32]} 25. Bd3 {[%clk 0:45:20]}  c6 {[%clk 0:17:23]} 26. Ne2 {[%clk 0:45:08]}  d5 {[%clk 0:14:18]} 27. Ng3 {[%clk 0:44:41]}  Rf8 {[%clk 0:04:52]} 28. exd5 {[%clk 0:36:26]}  cxd5 {[%clk 0:04:56]} 29. Kd1 {[%clk 0:28:52]}  Qxb2 {[%clk 0:03:50]} 30. Qh5 {[%clk 0:26:51]}  Rf7 {[%clk 0:03:58]} 31. Rg6+ {[%clk 0:27:01]}  Kf8 {[%clk 0:04:12]} 32. Re1 {[%clk 0:27:23]}  Qxa3 {[%clk 0:03:02]} 33. Qh6+ {[%clk 0:27:46]} 1-0